| 000 -ლიდერი |
| ფიქსირებული სიგრძის საკონტროლო ველი |
01412nam a2200265Ia 4500 |
| 001 - საკონტროლო ნომერი |
| საკონტროლო ველი |
21701 |
| 003 - საკონტროლო ნომრის იდენტიფიკატორი |
| საკონტროლო ველი |
GE_BSU |
| 005 - ბოლო ოპერაციის თარიღი და დრო |
| საკონტროლო ველი |
20250729170936.0 |
| 008 - ფიქსირებული სიგრძის მონაცემთა ელემენტები - ზოგადი ინფორმაცია |
| ფიქსირებული სიგრძის საკონტროლო ველი |
181216s2017||||ge |||||||||||||| ||geo|| |
| 020 ## - წიგნის საერთაშორისო სტანდარტული ნომერი |
| International Standard Book Number |
9789941249501 |
| 040 ## - კატალოგიზაციის წყარო |
| Transcribing agency |
GE_BSU |
| 041 ## - ენის კოდი |
| Language code of text/sound track or separate title |
geo |
| 080 ## - უნივერსალური ათობითი კლასიფიკაციის ინდექსი |
| Universal Decimal Classification number |
27-54 თ-54 |
| 245 ## - ცნობა სათაურის შესახებ |
| Title |
Ⴇვენი. [ტ.] 33, 21 ნოემბერი - 30 ნოემბერი (ახალი სტილით 4 დეკემბერი - 13 დეკემბერი) / |
| Statement of responsibility, etc |
პროექტის ავტორი და რედაქტორი თამარ მამაცაშვილი ; შემდგენელი სოფიო თავაძე ; დიზაინერი რატი თორდია. |
| 264 ## - წარმოების, გამოცემის, დისტრიბუციის და სხვა ცნობები |
| გამოცემის, წარმოების, დისტრიბუციის... ადგილი |
თბილისი : |
| გამოცემის, წარმოების, დისტრიბუციის... სახელწოდება |
პალიტრა L, |
| გამოცემის, წარმოების, დისტრიბუციის... თარიღი |
2017. |
| 300 ## - ფიზიკური აღწერა |
| Extent |
240 გვ. ; |
| Dimensions |
22 სმ. |
| 490 ## - სერიის ცნობა |
| Series statement |
ჟურნალ ”კარიბჭის” ბიბლიოთეკა |
| 653 ## - INDEX TERM--UNCONTROLLED |
| Uncontrolled term |
თვენი. 21 ნოემბერი -30 ნოემბერი. 33 |
| 653 ## - INDEX TERM--UNCONTROLLED |
| Uncontrolled term |
რელიგია |
| 653 ## - INDEX TERM--UNCONTROLLED |
| Uncontrolled term |
გარეკანზე: წმინდა მეფე ვახტანგ გორგასალი |
| 653 ## - INDEX TERM--UNCONTROLLED |
| Uncontrolled term |
წმინდა მამათა ცხოვრება |
| 653 ## - INDEX TERM--UNCONTROLLED |
| Uncontrolled term |
წმინდანთა ცხოვრება |
| 942 ## - ADDED ENTRY ELEMENTS (KOHA) |
| Koha item type |
წიგნი |
| Source of classification or shelving scheme |
|